<?xml version="1.0" encoding="UTF-8"?>
<record
    xmlns:xsi="http://www.w3.org/2001/XMLSchema-instance"
    xsi:schemaLocation="http://www.loc.gov/MARC21/slim http://www.loc.gov/standards/marcxml/schema/MARC21slim.xsd"
    xmlns="http://www.loc.gov/MARC21/slim">

  <leader>01302cam a22003377a 4500</leader>
  <controlfield tag="003">CHAP</controlfield>
  <controlfield tag="005">20220329133457.0</controlfield>
  <controlfield tag="008">971013s1993            r     00010     d</controlfield>
  <datafield tag="010" ind1=" " ind2=" ">
    <subfield code="a">6832</subfield>
  </datafield>
  <datafield tag="011" ind1=" " ind2=" ">
    <subfield code="a">7804</subfield>
  </datafield>
  <datafield tag="035" ind1=" " ind2=" ">
    <subfield code="a">7028</subfield>
  </datafield>
  <datafield tag="040" ind1=" " ind2=" ">
    <subfield code="c">CHAP</subfield>
  </datafield>
  <datafield tag="082" ind1=" " ind2=" ">
    <subfield code="a">312.0972</subfield>
    <subfield code="b">M49c 1990 Res. Def.</subfield>
  </datafield>
  <datafield tag="110" ind1=" " ind2=" ">
    <subfield code="a">Instituto Nacional de Estad&#xED;stica, Geograf&#xED;a e Inform&#xE1;tica. M&#xE9;xico</subfield>
    <subfield code="9">59304</subfield>
  </datafield>
  <datafield tag="245" ind1=" " ind2="0">
    <subfield code="a">Censo general de poblaci&#xF3;n y vivienda (11) 1990 : resultados definitivos : s&#xED;ntesis de resultados</subfield>
  </datafield>
  <datafield tag="260" ind1=" " ind2=" ">
    <subfield code="a">Aguascalientes, Ags. :</subfield>
    <subfield code="b">El Instituto,</subfield>
    <subfield code="c">1993</subfield>
  </datafield>
  <datafield tag="300" ind1=" " ind2=" ">
    <subfield code="a">106 p.</subfield>
    <subfield code="b">: mapas</subfield>
  </datafield>
  <datafield tag="500" ind1=" " ind2=" ">
    <subfield code="a">Incluye un mapa</subfield>
  </datafield>
  <datafield tag="590" ind1=" " ind2=" ">
    <subfield code="a">BATCH-UPD</subfield>
    <subfield code="b">10</subfield>
    <subfield code="c">20130110</subfield>
    <subfield code="l">UCH01</subfield>
    <subfield code="h">1605</subfield>
  </datafield>
  <datafield tag="590" ind1=" " ind2=" ">
    <subfield code="a">BATCH-UPD</subfield>
    <subfield code="b">10</subfield>
    <subfield code="c">20130410</subfield>
    <subfield code="l">UCH01</subfield>
    <subfield code="h">1001</subfield>
  </datafield>
  <datafield tag="590" ind1=" " ind2=" ">
    <subfield code="a">BATCH-UPD</subfield>
    <subfield code="b">10</subfield>
    <subfield code="c">20130914</subfield>
    <subfield code="l">UCH01</subfield>
    <subfield code="h">1822</subfield>
  </datafield>
  <datafield tag="590" ind1=" " ind2=" ">
    <subfield code="a">CONVERSION</subfield>
    <subfield code="b">10</subfield>
    <subfield code="c">20130109</subfield>
    <subfield code="l">UCH01</subfield>
    <subfield code="h">1305</subfield>
  </datafield>
  <datafield tag="650" ind1="1" ind2="4">
    <subfield code="a">M&#xE9;xico</subfield>
    <subfield code="x">Censos (1990)</subfield>
    <subfield code="9">76661</subfield>
  </datafield>
  <datafield tag="650" ind1="1" ind2="4">
    <subfield code="a">Poblaci&#xF3;n</subfield>
    <subfield code="x">Estad&#xED;sticas</subfield>
    <subfield code="z">M&#xE9;xico.</subfield>
    <subfield code="9">89385</subfield>
  </datafield>
  <datafield tag="650" ind1="1" ind2="4">
    <subfield code="a">Vivienda</subfield>
    <subfield code="z">M&#xE9;xico.</subfield>
    <subfield code="9">120153</subfield>
  </datafield>
  <datafield tag="901" ind1=" " ind2=" ">
    <subfield code="a">BK</subfield>
  </datafield>
  <datafield tag="942" ind1=" " ind2=" ">
    <subfield code="c">LIBRO</subfield>
  </datafield>
  <datafield tag="949" ind1=" " ind2=" ">
    <subfield code="a">312. 0972 M49c 1990 Res.Def. mapa</subfield>
    <subfield code="b">BC</subfield>
    <subfield code="c">ESP</subfield>
    <subfield code="d">-117751</subfield>
    <subfield code="e">ESP</subfield>
    <subfield code="h">84957</subfield>
    <subfield code="i">7028</subfield>
    <subfield code="s">i</subfield>
  </datafield>
  <datafield tag="949" ind1=" " ind2=" ">
    <subfield code="a">312. 0972 M49c 1990 Res.Def. mapa</subfield>
    <subfield code="b">BC</subfield>
    <subfield code="c">ESP</subfield>
    <subfield code="d">33724002200124</subfield>
    <subfield code="e">ESP</subfield>
    <subfield code="f">c.2</subfield>
    <subfield code="h">84957</subfield>
    <subfield code="i">7028</subfield>
    <subfield code="s">b</subfield>
  </datafield>
  <datafield tag="949" ind1=" " ind2=" ">
    <subfield code="a">312.0972 M49c 1990 Res.Def.</subfield>
    <subfield code="b">BC</subfield>
    <subfield code="c">INEGI</subfield>
    <subfield code="d">33724000120754</subfield>
    <subfield code="e">INEGI</subfield>
    <subfield code="h">89157</subfield>
    <subfield code="i">7028</subfield>
    <subfield code="s">i</subfield>
  </datafield>
  <datafield tag="999" ind1=" " ind2=" ">
    <subfield code="c">6832</subfield>
    <subfield code="d">6832</subfield>
  </datafield>
  <datafield tag="952" ind1=" " ind2=" ">
    <subfield code="0">0</subfield>
    <subfield code="1">0</subfield>
    <subfield code="2">ddc</subfield>
    <subfield code="4">0</subfield>
    <subfield code="5">1</subfield>
    <subfield code="7">0</subfield>
    <subfield code="8">ESP</subfield>
    <subfield code="a">BC</subfield>
    <subfield code="b">BC</subfield>
    <subfield code="c">PA_ESP</subfield>
    <subfield code="d">2019-12-31</subfield>
    <subfield code="l">0</subfield>
    <subfield code="o">312. 0972 M49c 1990 Res.Def. mapa</subfield>
    <subfield code="p">33724002200124</subfield>
    <subfield code="r">2019-12-31 00:00:00</subfield>
    <subfield code="t">c.2</subfield>
    <subfield code="w">2019-12-31</subfield>
    <subfield code="y">LIBRO</subfield>
  </datafield>
  <datafield tag="952" ind1=" " ind2=" ">
    <subfield code="0">0</subfield>
    <subfield code="1">0</subfield>
    <subfield code="2">ddc</subfield>
    <subfield code="4">0</subfield>
    <subfield code="5">1</subfield>
    <subfield code="7">0</subfield>
    <subfield code="8">ESP</subfield>
    <subfield code="a">BC</subfield>
    <subfield code="b">BC</subfield>
    <subfield code="c">PA_ESP</subfield>
    <subfield code="d">2019-12-31</subfield>
    <subfield code="l">0</subfield>
    <subfield code="o">312. 0972 M49c 1990 Res.Def. mapa</subfield>
    <subfield code="p">33724002487884</subfield>
    <subfield code="r">2019-12-31 00:00:00</subfield>
    <subfield code="w">2019-12-31</subfield>
    <subfield code="y">LIBRO</subfield>
  </datafield>
  <datafield tag="952" ind1=" " ind2=" ">
    <subfield code="0">0</subfield>
    <subfield code="1">0</subfield>
    <subfield code="2">ddc</subfield>
    <subfield code="4">0</subfield>
    <subfield code="5">1</subfield>
    <subfield code="7">0</subfield>
    <subfield code="8">INEGI</subfield>
    <subfield code="a">BC</subfield>
    <subfield code="b">BC</subfield>
    <subfield code="c">PB_INEGI</subfield>
    <subfield code="d">2019-12-31</subfield>
    <subfield code="l">0</subfield>
    <subfield code="o">312.0972 M49c 1990 Res.Def.</subfield>
    <subfield code="p">33724000120754</subfield>
    <subfield code="r">2019-12-31 00:00:00</subfield>
    <subfield code="w">2019-12-31</subfield>
    <subfield code="y">LIBRO</subfield>
  </datafield>
</record>
